La pédagogie dans les pays etrangers (Record no. 65489)
[ view plain ]
| 000 -LEADER | |
|---|---|
| campo de control de longitud fija | 00787nam a2200157 i 4500 |
| 001 - NÚMERO DE CONTROL | |
| campo de control | 65489 |
| 003 - IDENTIFICADOR DE NÚMERO DE CONTROL | |
| campo de control | ES-MaACL |
| 007 - CAMPO FIJO DE DESCRIPCIÓN FÍSICA--INFORMACIÓN GENERAL | |
| campo de control de longitud fija | t| |
| 008 - DATOS DE LONGITUD FIJA--INFORMACIÓN GENERAL | |
| campo de control de longitud fija | 040114s1910 fr ||||1| fre d |
| 100 1# - ENTRADA PRINCIPAL--NOMBRE DE PERSONA | |
| Nombre de persona | Friedel, V.-H. |
| 9 (RLIN) | 52618 |
| 245 13 - MENCIÓN DEL TÍTULO | |
| Título | La pédagogie dans les pays etrangers |
| Resto del título | : problemes et solutions / |
| Mención de responsabilidad, etc. | V.-H. Friedel. |
| 260 ## - PUBLICACIÓN, DISTRIBUCIÓN, ETC. | |
| Lugar de publicación, distribución, etc. | Paris : |
| Nombre del editor, distribuidor, etc. | G. Roustan, |
| Fecha de publicación, distribución, etc. | 1910. |
| 300 ## - DESCRIPCIÓN FÍSICA | |
| Extensión | 330 p. ; |
| Dimensiones | 19 cm. |
| 505 8# - NOTA DE CONTENIDO CON FORMATO | |
| Nota de contenido con formato | Contiene: L'obligation scolaire dans les pays étrangers. L'obligation port-scolaire dans les pays étrangers. Le préparation professionnelle des instituteurs dans les universités de l'étranger. Le programme des ecoles normales allemandes. L'institution des medicins scolaires áa l'étranger. Les tribunans pour enfants criminals dans les pays étrangers |
| 852 ## - LOCALIZACIÓN | |
| Ubicación | ES-MaACL |
| Número de control de estantería | G-3192 |
| Estatus retirado | Estado de pérdida | Estado de daño | No para préstamo | Biblioteca de origen | Biblioteca actual | Ubicación en estantería | Fecha de adquisición | Fuente de adquisición | Total de préstamos | Signatura topográfica completa | Código de barras | Visto por última vez | Precio de reemplazo | Tipo de ítem Koha |
|---|---|---|---|---|---|---|---|---|---|---|---|---|---|---|
| Biblioteca del Ateneo de Madrid | Biblioteca del Ateneo de Madrid | Depósito 2 | 17/01/2008 | G-3192 | 1068614 | 23/02/2023 | 23/02/2023 | Libro impreso |
